Los organismos de instrucción en el proceso penal ecuatoriano

Gorde:
Xehetasun bibliografikoak
Egile nagusia: Ríos Pintado, Julio E (Egilea)
Formatua: Liburua
Hizkuntza:gaztelania
Argitaratua: Guayaquil Universidad de Guayaquil 1968
Saila:Biblioteca de Autores de la Facultad. Sección Estudiantes, 2
Gaiak:
Etiketak: Etiketa erantsi
Etiketarik gabe, Izan zaitez lehena erregistro honi etiketa jartzen!

MARC

LEADER 00000nam a2200000 a 4500
001 UCS0999
003 CL-VaPUC
008 970506e19680000EC |||||||||||||||||spa|d
082 0 4 |a 345.866  |b RIO  |2 21 
100 0 |a Ríos Pintado, Julio E  |e author  |9 384970 
245 1 4 |a Los organismos de instrucción en el proceso penal ecuatoriano 
300 |a 159 p 
942 |c BK 
945 |d 19970506 00:00:00  |a paguirre 
260 |a Guayaquil  |b Universidad de Guayaquil  |c 1968 
650 0 |a Derecho procesal penal   |9 256392 
650 0 |a Procedimiento penal  |9 254974 
650 0 |a Jurisdicción  |9 255090 
650 0 |a Jueces  |9 256162 
650 7 |a SUMARIO  |2 CL-VaPUC  |9 368476 
651 0 |a Ecuador  |9 258378 
583 |a last modification  |c 19970506 00:00:00  |k Rodrigo Vera 
490 0 |a Biblioteca de Autores de la Facultad. Sección Estudiantes, 2 
999 |c 259111  |d 259109 
952 |0 0  |1 0  |4 0  |6 345_866000000000000_RIO_1968  |7 0  |8 A  |9 283676  |a BIBDER  |b BIBDER  |d 2019-11-19  |i 1841211  |o 345.866 RIO 1968  |p 1841211  |r 2023-01-25  |w 2019-11-19  |y BK  |k DER